| 000 -ლიდერი |
| ფიქსირებული სიგრძის საკონტროლო ველი |
01320nam a2200265Ia 4500 |
| 001 - საკონტროლო ნომერი |
| საკონტროლო ველი |
19883 |
| 003 - საკონტროლო ნომრის იდენტიფიკატორი |
| საკონტროლო ველი |
GE_BSU |
| 005 - ბოლო ოპერაციის თარიღი და დრო |
| საკონტროლო ველი |
20200424155038.0 |
| 008 - ფიქსირებული სიგრძის მონაცემთა ელემენტები - ზოგადი ინფორმაცია |
| ფიქსირებული სიგრძის საკონტროლო ველი |
181216s1954||||ge |||||||||||||| ||geo|| |
| 040 ## - კატალოგიზაციის წყარო |
| Transcribing agency |
GE_BSU |
| 041 ## - ენის კოდი |
| Language code of text/sound track or separate title |
geo |
| 080 ## - უნივერსალური ათობითი კლასიფიკაციის ინდექსი |
| Universal Decimal Classification number |
811.353.1'282 ძ-63 |
| 100 ## - მთავარი ჩანაწერი - პიროვნების სახელი |
| Personal name |
ძიძიგური, შოთა |
| 9 (RLIN) |
7975 |
| 245 ## - ცნობა სათაურის შესახებ |
| Title |
ძიებანი ქართული დიალექტოლოგიიდან / |
| Statement of responsibility, etc |
შოთა ძიძიგური ; რედ. ს. ჟღენტი. |
| 264 ## - წარმოების, გამოცემის, დისტრიბუციის და სხვა ცნობები |
| გამოცემის, წარმოების, დისტრიბუციის... ადგილი |
თბილისი : |
| გამოცემის, წარმოების, დისტრიბუციის... სახელწოდება |
თბილ. სახ. უნ-ტის გამ-ბის სტ., |
| გამოცემის, წარმოების, დისტრიბუციის... თარიღი |
1954. |
| 300 ## - ფიზიკური აღწერა |
| Extent |
272 გვ. ; |
| Dimensions |
23 სმ. |
| 504 ## - BIBLIOGRAPHY, ETC. NOTE |
| Bibliography, etc |
ბიბლიოგრ. : "ქართული დიალექტოლოგიის ბიბლიოგრაფია" გვ. 259-71. |
| 653 ## - INDEX TERM--UNCONTROLLED |
| Uncontrolled term |
ქართული ენა |
| 653 ## - INDEX TERM--UNCONTROLLED |
| Uncontrolled term |
ქართული ენის დიალექტები |
| 653 ## - INDEX TERM--UNCONTROLLED |
| Uncontrolled term |
ძიებანი ქართული დიალექტოლოგიიდან |
| 700 ## - ADDED ENTRY--PERSONAL NAME |
| Personal name |
ჟღენტი, ს. |
| Dates associated with a name |
რედაქტორი |
| 9 (RLIN) |
7976 |
| 710 ## - ADDED ENTRY--CORPORATE NAME |
| Corporate name or jurisdiction name as entry element |
საქართველოს სსრ განათლების სამინისტრო |
| 9 (RLIN) |
7977 |
| 942 ## - ADDED ENTRY ELEMENTS (KOHA) |
| Koha item type |
წიგნი |
| Source of classification or shelving scheme |
|